| 000 | 00401pab a2200145 454500 | ||
|---|---|---|---|
| 008 | 180718b2005 xxu||||| |||| 00| 0 eng d | ||
| 100 | _aBoylan, Richard | ||
| 245 | _aClassified antigravity aerospace craft: military use of back-engineered extraterrestrial technology | ||
| 260 | _c2005 | ||
| 300 | _ap.156-67. | ||
| 362 | _aWinter | ||
| 650 | _aWeapons | ||
| 773 | _aWorld Affairs | ||
| 909 | _a69058 | ||
| 999 |
_c69058 _d69058 |
||